[Event "16th Delhi GM Open 2018"]
[Site "Delhi"]
[Date "2018.01.10"]
[Round "3"]
[White "Arjun Kalyan"]
[Black "Pranav Anand"]
[Result "1-0"]
[WhiteElo "2407"]
[BlackElo "2072"]
[Annotator "ChessBase"]
[PlyCount "147"]
[EventDate "2018.??.??"]
[EventType "swiss"]
[EventCountry "IND"]
[TimeControl "5400+30"]

1. e4 {[%emt 0:00:00]} e5 {[%emt 0:00:11]} 2. Nf3 {[%emt 0:00:00]} Nc6 {[%emt 0:00:03]} 3. Bb5 {[%emt 0:00:00]} a6 {[%emt 0:00:03]} 4. Ba4 {[%emt 0:00:00]} Nf6 {[%emt 0:00:03]} 5. O-O {[%emt 0:00:00]} Be7 {[%emt 0:00:02]} 6. Re1 {[%emt 0:00:06]} b5 {[%emt 0:00:10]} 7. Bb3 {[%emt 0:00:08]} d6 {[%emt 0:00:04]} 8. c3 {[%emt 0:00:06]} O-O {[%emt 0:00:04]} 9. h3 {[%emt 0:00:10]} Na5 {[%emt 0:00:10]} 10. Bc2 {[%emt 0:00:38]} c5 {[%emt 0:00:04]} 11. d4 {[%emt 0:00:05]} Nd7 {[%emt 0:00:08]} 12. Nbd2 {[%emt 0:01:43]} exd4 {[%emt 0:00:14]} 13. cxd4 {[%emt 0:00:19]} Nc6 {[%emt 0:00:05]} 14. d5 {[%emt 0:00:50]} Nce5 {[%emt 0:00:05]} 15. a4 {[%emt 0:01:11]} Bb7 {[%emt 0:00:04]} 16. Qe2 {[%emt 0:03:11]} Qb6 {[%emt 0:02:13]} 17. axb5 {[%emt 0:05:41]} axb5 {[%emt 0:00:55]} 18. Rxa8 {[%emt 0:00:09]} Rxa8 {[%emt 0:00:15]} 19. Nxe5 {[%emt 0:01:13]} Nxe5 {[%emt 0:00:28]} 20. f4 {[%emt 0:01:50]} Ng6 {[%emt 0:00:18]} 21. Nf3 {[%emt 0:01:55]} Ne5 {[%emt 0:00:42]} 22. Nd2 {[%emt 0:00:00]} Ng6 {[%emt 0:00:18]} 23. Nf3 {[%emt 0:01:00]} Nh4 {[%emt 0:10:55]} 24. Be3 {[%emt 0:02:41]} Ng6 {[%emt 0:00:00]} 25. Bc1 {[%emt 0:00:00]} Nh4 {[%emt 0:01:00]} 26. Be3 {[%emt 0:01:00]} Ng6 {[%emt 0:00:00]} 27. Bc1 {[%emt 0:00:00]} Nh4 {[%emt 0:01:00]} 28. Be3 {[%emt 0:01:00]} Ra2 {[%emt 0:12:35]} 29. Rb1 {[%emt 0:02:38]} Nxf3+ {[%emt 0:01:15]} 30. Qxf3 {[%emt 0:00:05]} Qa6 {[%emt 0:02:05]} 31. e5 {[%emt 0:04:19]} Qa8 {[%emt 0:06:38]} 32. Be4 {[%emt 0:09:45]} Ra1 {[%emt 0:00:00]} 33. Bc2 {[%emt 0:00:00]} Ra2 {[%emt 0:01:00]} 34. Be4 {[%emt 0:01:00]} Ra1 {[%emt 0:02:13]} 35. Bc2 {[%emt 0:00:00]} Ra2 {[%emt 0:00:00]} 36. Be4 {[%emt 0:01:00]} Ra1 {[%emt 0:01:00]} 37. Rxa1 {[%emt 0:11:22]} Qxa1+ {[%emt 0:16:02]} 38. Kh2 {[%emt 0:00:00]} g6 {[%emt 0:00:30]} 39. Qe2 {[%emt 0:13:34]} Qa4 {[%emt 0:03:05]} 40. Bf2 {[%emt 0:01:03]} Qa1 {[%emt 0:00:00]} 41. Be3 {[%emt 0:00:00]} Qa4 {[%emt 0:01:00]} 42. Bf2 {[%emt 0:01:00]} Qb3 {[%emt 0:00:00]} 43. Be3 {[%emt 0:00:00]} Qa4 {[%emt 0:01:00]} 44. Bf2 {[%emt 0:01:00]} Qb3 {[%emt 0:08:50]} 45. Qd2 {[%emt 0:02:19]} Qc4 {[%emt 0:00:24]} 46. Bf3 {[%emt 0:00:32]} Bf8 {[%emt 0:03:16]} 47. Bg3 {[%emt 0:03:48]} Be7 {[%emt 0:00:00]} 48. Bf2 {[%emt 0:00:00]} Bf8 {[%emt 0:01:00]} 49. Bg3 {[%emt 0:01:00]} Bc8 {[%emt 0:07:01]} 50. Be2 {[%emt 0:04:51]} Qa4 {[%emt 0:01:57]} 51. Qe3 {[%emt 0:00:12]} Bf5 {[%emt 0:05:08]} 52. Bh4 {[%emt 0:08:52]} Bc8 {[%emt 0:00:00]} 53. Bg3 {[%emt 0:00:00]} Bf5 {[%emt 0:01:00]} 54. Bh4 {[%emt 0:00:00]} Bc8 {[%emt 0:00:00]} 55. Bg3 {[%emt 0:00:00]} Bf5 {[%emt 0:01:00]} 56. Bh4 {[%emt 0:02:00]} Bc8 {[%emt 0:00:00]} 57. Bg3 {[%emt 0:00:00]} Bf5 {[%emt 0:01:00]} 58. Bh4 {[%emt 0:01:00]} Bc8 {[%emt 0:00:00]} 59. Bg3 {[%emt 0:00:00]} Bf5 {[%emt 0:01:00]} 60. Bh4 {[%emt 0:01:00]} Bc8 {[%emt 0:00:00]} 61. Bg3 {[%emt 0:00:00]} Bf5 {[%emt 0:01:00]} 62. Bh4 {[%emt 0:01:00]} Bc8 {[%emt 0:00:00]} 63. Bg3 {[%emt 0:00:00]} Bf5 {[%emt 0:01:00]} 64. Bh4 {[%emt 0:01:00]} Bc8 {[%emt 0:00:00]} 65. Bg3 {[%emt 0:00:00]} Bf5 {[%emt 0:01:00]} 66. Bh4 {[%emt 0:01:00]} Bc8 {[%emt 0:00:00]} 67. Bg3 {[%emt 0:00:00]} Bf5 {[%emt 0:01:00]} 68. Bh4 {[%emt 0:01:00]} Bc8 {[%emt 0:00:00]} 69. Bg3 {[%emt 0:00:00]} Bf5 {[%emt 0:01:00]} 70. Bh4 {[%emt 0:01:00]} Bc8 {[%emt 0:00:00]} 71. Bg3 {[%emt 0:00:00]} Bf5 {[%emt 0:01:00]} 72. Bh4 {[%emt 0:01:00]} Bc8 {[%emt 0:00:00]} 73. Bg3 {[%emt 0:00:00]} Bf5 {[%emt 0:01:00]} 74. Bh4 {[%emt 0:01:00]} 1-0

[Event "16th Delhi GM Open 2018"]
[Site "Delhi"]
[Date "2018.01.10"]
[Round "3"]
[White "Erigaisi Arjun"]
[Black "Nguyen, Phuoc Tam"]
[Result "1-0"]
[WhiteElo "2386"]
[BlackElo "2068"]
[Annotator "ChessBase"]
[PlyCount "87"]
[EventDate "2018.??.??"]
[EventType "swiss"]
[EventCountry "IND"]
[TimeControl "5400+30"]

1. d4 Nf6 2. c4 g6 3. Nc3 Bg7 4. e4 d6 5. Be2 O-O 6. Bg5 Nbd7 7. Qd2 c5 8. d5 b5 9. cxb5 a6 10. Nf3 axb5 11. Bxb5 Ba6 12. Bxa6 Rxa6 13. O-O Qc7 14. h3 Rb8 15. Rab1 Nb6 16. b3 Nc8 17. Rfe1 Nd7 18. a4 Ne5 19. Nxe5 Bxe5 20. Bf4 Bxf4 21. Qxf4 Rb4 22. Qe3 Nb6 23. e5 Ra8 24. Nb5 Qd7 25. Qg5 Rf8 26. Nc3 Rd4 27. exd6 Qxd6 28. Ne4 Rxd5 29. Qh6 Qe5 30. Nxc5 Qf5 31. Ne4 Nd7 32. b4 Rb8 33. Qe3 Ne5 34. Nc3 Rd3 35. Qxe5 Qxe5 36. Rxe5 Rxc3 37. b5 Ra3 38. Rb4 Kf8 39. b6 Ke8 40. Ra5 Kd7 41. Ra7+ Kd6 42. a5 Ke5 43. Rb2 h5 44. Rxe7+ 1-0

[Event "16th Delhi GM Open 2018"]
[Site "Delhi"]
[Date "2018.01.10"]
[Round "3"]
[White "Rathnakaran, K.."]
[Black "Naiditsch, Arkadij"]
[Result "1/2-1/2"]
[WhiteElo "2372"]
[BlackElo "2701"]
[Annotator "TA"]
[PlyCount "68"]
[EventDate "2018.??.??"]
[EventType "swiss"]
[EventCountry "IND"]

{[%evp 16,68,28,17,20,28,37,8,11,4,8,10,28,46,57,53,64,54,95,98,76,52,52,52,52,67,63,6,45,12,29,19,18,18,29,29,29,29,19,8,8,7,8,13,16,0,0,0,0,0,41,42,53,0,0]} 1. e4 e6 2. d4 d5 3. Nc3 Nf6 4. e5 Nfd7 5. Nce2 c5 6. c3 Nc6 7. f4 c4 {C11: French: Classical System: 4 e5 and 4 Bg5 dxe4} (7... Be7 8. Nf3 O-O 9. Be3 Qb6 10. Qd2 f6 11. g3 Kh8 12. Bg2 cxd4 13. cxd4 Bb4 14. Nc3 Qa6 15. Kf2 fxe5 16. fxe5 Ndxe5 17. dxe5 Nxe5 {½-½ (53) Fedoseev,V (2667)-Morozevich,A (2676) Moscow 2016}) 8. Nf3 b5 9. g4 {LiveBook: 4 Games} h5 10. gxh5 Rxh5 {[#]} 11. f5 $1 {[%mdl 512]} exf5 $146 ({Predecessor:} 11... Nb6 12. Nf4 Rh8 13. fxe6 Bxe6 14. Nxe6 fxe6 15. Ng5 Be7 16. Qg4 Bxg5 17. Qxe6+ Kf8 18. Be2 Bh4+ 19. Kd1 Ne7 20. Rf1+ Ke8 21. Bg4 Rf8 22. Bh5+ {1-0 (22) Gasimov,P (2323)-Huguet,S (2099) Baku 2016}) 12. Nf4 Rh8 $1 13. Nxd5 Bb7 {And now ...Ncxe5 would win.} 14. Bg2 Nb6 15. Nxb6 Qxb6 16. O-O O-O-O 17. a4 b4 18. Qc2 g6 19. Bg5 Rd7 20. Qe2 Na5 21. Rfe1 (21. Rae1 $14) 21... Rh5 {[#] Hoping for ...Bxf3.} 22. e6 fxe6 23. Qxe6 Qxe6 24. Rxe6 Bxf3 25. Re8+ Kc7 26. Bf4+ Bd6 27. Bxd6+ Kxd6 28. Bxf3 bxc3 29. bxc3 Rh3 30. Kg2 Rdh7 31. Rae1 Rxh2+ 32. Kg1 R2h3 33. Kf2 {[%mdl 1024] White has compensation.} Rh2+ 34. Kg1 ({White should play} 34. Bg2 $1 $14) 34... R2h3 {Precision: White = 71%, Black = 68%.} 1/2-1/2

[Event "16th Delhi GM Open 2018"]
[Site "Delhi"]
[Date "2018.01.10"]
[Round "3"]
[White "Saravana, Krishnan P."]
[Black "Solodovnichenko, Yuri"]
[Result "0-1"]
[WhiteElo "2323"]
[BlackElo "2571"]
[Annotator "TA"]
[PlyCount "110"]
[EventDate "2018.??.??"]
[EventType "swiss"]
[EventCountry "IND"]

{[%evp 11,110,0,0,0,0,0,10,0,3,0,0,-14,1,0,8,8,14,19,18,4,12,-19,15,-9,-7,-15,-13,-44,-42,-41,-22,-70,-44,-122,-112,-131,-143,-147,-120,-130,-115,-131,-108,-122,-72,-85,-71,-68,-65,-77,-76,-77,-77,-68,-69,-112,-136,-137,-120,-136,-128,-170,-167,-168,-186,-255,-252,-317,-308,-257,-179,-242,-202,-275,-194,-336,-354,-350,-340,-341,-343,-329,-338,-371,-384,-372,-353,-531,-526,-533,-518,-597,-588,-572,-588,-891,-855,-1359,-1503,-1469,-1466]} 1. e4 c5 2. Nf3 d6 3. Bc4 Nf6 4. Qe2 e6 5. c3 Be7 6. O-O O-O 7. Bb3 {B50: Sicilian: 2...d6, Miscellaneous} b6 8. d3 Nbd7 (8... Ba6 9. Nbd2 Nc6 10. Re1 Rc8 11. Nf1 Re8 12. h3 Ne5 13. Bc2 Ng6 {½-½ (13) Kritz,L (2604)-Corrales Jimenez,F (2629) Lubbock 2013}) 9. Nbd2 {The position is equal.} Bb7 10. Rd1 Qc7 11. Nf1 Rac8 12. Ng3 Rfe8 $146 13. d4 Bf8 14. Bd2 a6 15. Rac1 b5 16. Re1 g6 17. h4 h5 18. Ng5 Bg7 19. Bc2 cxd4 20. cxd4 {And now e5 would win.} Qb6 21. Nf3 Ng4 22. Be3 (22. Nf1 $15) 22... Nxe3 23. fxe3 Nf6 24. Nh2 e5 25. d5 Bh6 26. Ngf1 Qa5 27. Ra1 Qb4 28. Bd3 Re7 29. a3 Qb3 30. Reb1 Rec7 $36 {[%mdl 2048] Black is really pushing.} 31. Nd2 Qa4 32. Rf1 Bg7 33. b3 Qa5 34. a4 {[%cal Ra4b5] [#]} Qb4 $1 35. axb5 axb5 36. Ra2 Rc1 37. Ra7 R8c7 38. g3 (38. Kh1 $142) 38... Bh6 $19 39. Ra1 Rxa1 40. Rxa1 Qc5 41. Ndf1 (41. Kf2 {might work better.}) 41... Qc3 42. Rb1 b4 43. Nd2 {[#]} (43. Rb2 $142 Rc8 44. Nf3) 43... Ba6 $1 {[%mdl 512]} 44. Bxa6 Bxe3+ ({Don't take} 44... Qxe3+ 45. Qxe3 Bxe3+ 46. Kg2 $19) 45. Kg2 Qxd2 46. Qxd2 Bxd2 47. Rd1 Rc2 48. Bd3 Rb2 49. Kh3 (49. Rb1 {only move.} Ra2 50. Kh3) 49... Bc3 {Black is clearly winning.} 50. Rf1 Kg7 51. g4 Rxb3 {aiming for ...Bd4.} 52. g5 Nd7 53. Bb5 Nc5 54. Be8 Bd2+ 55. Nf3 Bf4 {Precision: White = 37%, Black = 67%.} 0-1

[Event "16th Delhi GM Open 2018"]
[Site "Delhi"]
[Date "2018.01.10"]
[Round "3"]
[White "Koustav Chatterjee"]
[Black "Karthikeyan, P.."]
[Result "1/2-1/2"]
[WhiteElo "2288"]
[BlackElo "2497"]
[Annotator "TA"]
[PlyCount "48"]
[EventDate "2018.??.??"]
[EventType "swiss"]
[EventCountry "IND"]

{[%evp 19,48,9,34,-7,36,33,39,31,23,0,6,0,108,90,103,-27,-27,-27,-16,-26,-35,-36,-21,-24,-30,-29,41,50,51,-497,72]} 1. c4 Nf6 2. g3 e6 3. Bg2 d5 4. Nf3 dxc4 5. Qa4+ c6 6. Qxc4 b5 7. Qc2 Bb7 8. a4 {A13: English Opening: 1...e6} a6 (8... Nbd7 9. O-O a6 10. Nc3 Be7 11. d4 O-O 12. Ng5 h6 13. Nge4 Nd5 14. Rd1 Qb6 15. Bf4 Nxf4 16. gxf4 {1-0 (77) Karjakin,S (2753)-Khismatullin,D (2642) Chita 2015}) 9. d4 Nbd7 10. O-O Rc8 {LiveBook: 16 Games} 11. Rd1 Qb6 12. e4 $146 ({Predecessor:} 12. Nc3 Be7 13. Ne5 Nxe5 14. dxe5 Ng4 15. Ne4 Nxe5 16. Qc3 f6 {1-0 (27) Kaliszewski,T (2010)-Nowak,L (1897) Warsaw 2013}) 12... Be7 13. e5 Nd5 14. Bg5 Bb4 15. Nc3 c5 (15... Bxc3 $11 {remains equal.} 16. bxc3 c5) 16. axb5 $16 axb5 {[#]} 17. Qb3 (17. Nxd5 $1 $16 Bxd5 18. Nh4 Bxg2 19. Nxg2) 17... h6 $11 18. Bd2 O-O 19. dxc5 Bxc5 ({Don't play} 19... Qxc5 $6 20. Nxd5 Bxd2 21. Nxd2 $14) 20. Ne4 b4 $36 {[%mdl 2048] next ...Nc3 is good for Black. White is under pressure.} 21. Nxc5 Nxc5 22. Qc4 f5 (22... Rc7 $11) 23. exf6 $14 Rxf6 24. Be3 $2 {[%mdl 8192] [#]} (24. Be1 $1 $14 {stays ahead.}) 24... Ba6 $2 {Precision: White = 31%, Black = 38%.} ({Better is} 24... Nxe3 $19 25. fxe3 Bxf3) 1/2-1/2

[Event "16th Delhi GM Open 2018"]
[Site "Delhi"]
[Date "2018.01.12"]
[Round "6"]
[White "Naiditsch, Arkadij"]
[Black "Vaibhav, Suri"]
[Result "1-0"]
[WhiteElo "2701"]
[BlackElo "2542"]
[Annotator "TA"]
[PlyCount "119"]
[EventDate "2018.??.??"]
[EventType "swiss"]
[EventCountry "IND"]
[SourceTitle "playchess.com"]
[Source "ChessBase"]
[SourceQuality "1"]

{[%evp 13,119,10,18,-6,18,0,4,0,0,0,0,0,0,0,0,-27,0,0,0,0,0,0,13,20,44,22,54,47,54,50,54,55,55,0,57,41,57,52,56,33,39,34,38,45,34,5,25,22,29,39,113,12,5,7,118,106,126,112,108,115,108,100,113,118,115,107,123,118,177,93,90,29,115,112,114,115,87,56,50,38,43,38,80,38,187,38,159,18,18,0,144,94,76,8,8,8,20,52,690,570,801,756,1366,1320,1170,828,29981,29982]} 1. e4 e6 2. d4 d5 3. Nc3 Bb4 4. e5 c5 5. a3 Bxc3+ 6. bxc3 Qa5 7. Bd2 Qa4 8. Nf3 {C18: French: 3 Nc3 Bb4: Main line: 7 h4 and 7 Qg4} (8. Qg4 Kf8 9. Qd1 b6 10. dxc5 bxc5 11. c4 Ba6 12. cxd5 Bxf1 13. Kxf1 exd5 14. Nf3 Nd7 15. h4 h5 16. Rb1 Ne7 {½-½ (47) Najer,E (2699)-Harikrishna,P (2733) Antalya 2017}) 8... c4 9. h4 Nc6 10. h5 {The position is equal.} h6 11. g4 Bd7 12. Nh4 O-O-O 13. f4 Nge7 14. Be3 g6 $146 ({Predecessor:} 14... f6 15. Bh3 fxe5 16. fxe5 {1-0 (33) Arcos Facio,M (2174)-Aberbach,A (2023) Mar del Plata 2012}) 15. hxg6 fxg6 16. Be2 Rdf8 17. Kd2 Nd8 18. Qb1 Ndc6 19. Qb2 Rf7 20. Rh2 Rhh7 21. Rah1 {Black must now prevent Nf3.} Rhg7 22. Nf3 Ng8 $1 23. Nh4 Nge7 $1 24. Rf2 Rh7 25. Nf3 Ng8 26. Bf1 Rf8 27. Bh3 Rhf7 28. Rhf1 Nge7 29. Nh4 Qa5 {[#]} 30. a4 $1 {[%mdl 512]} Qd8 (30... Qxa4 31. Ra1) 31. Qa3 b6 (31... g5 $14) 32. Qc1 (32. f5 $1 $16) 32... Kb7 $11 33. Qe1 Rh7 (33... Qc8 $11) 34. f5 $16 exf5 35. gxf5 gxf5 36. Bxf5 Nxf5 37. Nxf5 Rxf5 38. Rxf5 Bxf5 39. Rxf5 Qe8 40. Qf1 Nd8 (40... h5 $16) 41. Rf8 (41. Rf6 $1 $18) 41... Qd7 42. Qf3 (42. Rf6 $16 {Threatens to win with Rd6.} Rf7 43. Bxh6) 42... h5 (42... Ne6 $11 {keeps the balance.} 43. Rf6 Ng5 44. Bxg5 hxg5) 43. Rf6 Ne6 44. Qf5 Re7 45. Qxh5 Ka6 $1 46. Qh1 Rh7 47. Qg2 Rg7 48. Qf1 Rh7 (48... Nc7 $14) 49. Bh6 (49. Qf5 $1 $18) 49... Re7 (49... Nc7 $1 $14) 50. Bf8 (50. Qa1 $1 $16) 50... Rh7 $11 {Strongly threatening ...Rh2+.} 51. Bh6 (51. Qg2 $11) 51... Re7 $16 52. Qf3 Ka5 {[#]} 53. Bf8 ({Better is} 53. Qh1 $1 $16) 53... Ng5 $11 54. Qf5 $36 {[%mdl 2048] White fights for an advantage.} Ne4+ 55. Ke3 Nxf6 $4 {[%mdl 8192]} (55... Qxf5 $14 56. Rxf5 Re6) 56. Qxd7 $18 Rxd7 57. exf6 Rf7 58. Be7 b5 {[#]} 59. Kf4 $1 Rxf6+ 60. Bxf6 {Precision: White = 38%, Black = 39%.} 1-0

[Event "16th Delhi GM Open 2018"]
[Site "Delhi"]
[Date "2018.01.12"]
[Round "6"]
[White "Gupta, Abhijeet"]
[Black "Rathnakaran, K."]
[Result "1/2-1/2"]
[WhiteElo "2610"]
[BlackElo "2372"]
[Annotator "TA"]
[PlyCount "102"]
[EventDate "2018.??.??"]
[EventType "swiss"]
[EventCountry "IND"]
[SourceTitle "playchess.com"]
[Source "ChessBase"]
[SourceQuality "1"]

{[%evp 15,102,28,52,29,35,33,72,56,76,65,117,86,82,83,109,56,70,63,86,90,91,84,95,69,81,62,95,65,91,61,96,81,77,71,75,50,201,179,209,166,305,188,344,353,325,248,242,232,216,155,212,176,181,152,186,182,195,0,0,0,0,0,0,-34,-17,-14,-14,-20,-37,-30,0,0,0,0,0,0,0,0,0,0,0,0,0,0,0,0,0,0,0]} 1. Nf3 Nf6 2. g3 g6 3. b3 Bg7 4. Bb2 O-O 5. Bg2 d6 6. d4 c6 7. O-O Bf5 8. c4 {A49: 1 d4 Nf6 2 Nf3 g6 3 g3: Anti-King's Indian systems} Qd7 {LiveBook: 4 Games} (8... d5 9. e3 a5 10. Nc3 Ne4 11. Qe2 Nxc3 12. Bxc3 Be4 13. Bh3 Bxf3 14. Qxf3 e6 15. a4 Nd7 {½-½ (45) Mamedyarov,S (2791)-Rakhmanov,A (2654) Sochi 2017}) 9. Re1 Na6 10. Nc3 {White is slightly better.} h6 11. e4 {[%cal Be2e4,Be4e5][%mdl 32]} Bh3 12. e5 $146 ({Predecessor:} 12. Bh1 Bg4 13. Qd2 Rad8 14. a3 Rfe8 15. Qf4 e5 16. dxe5 dxe5 17. Nxe5 Rxe5 18. Qxe5 {0-1 (63) Katajainen,K (2070)-Hytonen,H Finland 1996}) 12... Nh5 (12... Bxg2 $14 13. Kxg2 Nh5) 13. Nh4 Bxg2 14. Nxg2 f5 15. f4 ({White should try} 15. exf6 $16 Rxf6 16. Nh4) 15... dxe5 $14 16. dxe5 Qe6 17. Qe2 Rfd8 18. Rad1 Bf8 19. Nh4 Ng7 20. Nf3 Nc7 21. Na4 Na6 22. Kg2 c5 23. Nc3 Nc7 24. Rd3 Qc6 25. e6 Ncxe6 $2 (25... Nge8 $14) 26. Nd5 $18 a5 27. a4 {[%mdl 1024] White has strong compensation.} g5 (27... Ra6 $142 28. Red1 Raa8) 28. Re3 g4 $2 (28... gxf4 {keeps fighting.} 29. Bxg7 (29. Rxe6 Qxe6 30. Qxe6+ Nxe6 $16) 29... Nxg7 30. gxf4 Rxd5 31. cxd5 Qxd5) 29. Ne5 Qd6 30. Rd3 Nd4 31. Bxd4 cxd4 32. Rxd4 h5 (32... Qc5 $16 {was necessary.} 33. Rd3 Ra6) 33. Rdd1 Qh6 34. h3 gxh3+ 35. Kxh3 e6 36. Nc7 $2 (36. Nb6 $18 Rxd1 37. Rxd1 (37. Qxd1 h4 $16)) 36... Rac8 $1 $11 {[#] White must now prevent ...Rxd1.} 37. Rxd8 Rxd8 38. Nf3 h4 39. Nxh4 Bd6 40. Nb5 Be7 41. Kg2 {And now Nf3 would win.} Bxh4 42. Rh1 e5 (42... Qh5 $5 {[%cal Rh5e2]} 43. Qc2 (43. Qxh5 Nxh5 44. Rxh4 Nf6 $11) 43... Qg6 44. Rxh4 Nh5 $11) 43. Rxh4 {The position is equal.} Qc6+ 44. Kh2 $1 e4 45. Nc3 $1 {[%cal Rc3d5] aiming for Nd5.} Rd3 46. Nd5 $36 {[%mdl 2048] [#] Strongly threatening Ne7+. White has the initiative.} Qc5 47. Rh6 $1 Qa3 48. Nf6+ Kf7 {Threatens to win with ...Qc1.} 49. Nxe4 fxe4 50. Qxe4 Qxb3 51. Qg6+ Kg8 {Precision: White = 53%, Black = 46%.} 1/2-1/2

[Event "16th Delhi GM Open 2018"]
[Site "Delhi"]
[Date "2018.01.12"]
[Round "6"]
[White "Gareyev, Timur"]
[Black "Mohammad Nubairshah Shaikh"]
[Result "1/2-1/2"]
[WhiteElo "2605"]
[BlackElo "2380"]
[Annotator "TA"]
[PlyCount "57"]
[EventDate "2018.??.??"]
[EventType "swiss"]
[EventCountry "IND"]
[SourceTitle "playchess.com"]
[Source "ChessBase"]
[SourceQuality "1"]

{[%evp 9,57,1,14,-5,25,27,29,27,38,27,29,16,39,22,9,24,19,14,11,4,17,15,16,12,17,12,42,0,1,4,12,0,10,-18,-19,-35,-13,-71,-69,-63,-51,-66,-70,-71,0,0,0,-52,0,0]} 1. d4 d5 2. c4 c6 3. Nf3 Nf6 4. Nbd2 Bf5 5. Nh4 Be6 6. e3 {D11: Slav Defence: 3 Nf3 sidelines and 3...Nf6 4 e3 Bg4} g6 7. b3 Bg7 8. Bb2 {White has an edge.} O-O 9. Be2 c5 $146 ({Predecessor:} 9... Ne4 10. O-O c5 11. Nxe4 dxe4 12. Qc2 f5 {0-1 (54) Svane,R (2595)-Van Foreest,J (2609) Germany 2017}) 10. dxc5 Qa5 11. a3 Qxc5 12. b4 Qc7 {[%cal Rd5c4]} 13. cxd5 Bxd5 14. Rc1 Qd8 15. O-O a5 16. b5 Nbd7 17. Nhf3 Nb6 18. Nb3 Bxb3 19. Qxb3 {Rfd1 is the strong threat.} Qd5 20. Qxd5 Nfxd5 21. Bxg7 Kxg7 22. Ne5 Rac8 23. Bf3 {[#]} (23. Nc4 $11 {keeps the balance.}) 23... Rfd8 $1 $17 24. g3 Kf6 25. Ng4+ Ke6 $1 26. Nh6 Kf6 27. Ng4+ Kg7 28. Ne5 Kf6 (28... Nc3 $15 29. Rc2 f6) 29. Ng4+ {Precision: White = 65%, Black = 60%.} 1/2-1/2

[Event "16th Delhi GM Open 2018"]
[Site "Delhi"]
[Date "2018.01.12"]
[Round "6"]
[White "Rozum, Ivan"]
[Black "Arjun Kalyan"]
[Result "1-0"]
[WhiteElo "2595"]
[BlackElo "2407"]
[Annotator "TA RC"]
[PlyCount "69"]
[EventDate "2018.??.??"]
[EventType "swiss"]
[EventCountry "IND"]
[SourceTitle "playchess.com"]
[Source "ChessBase"]
[SourceQuality "1"]

{[%evp 15,69,27,32,32,35,16,16,13,12,0,3,9,25,17,33,39,49,57,87,84,81,70,84,0,26,30,35,0,0,0,20,16,132,123,128,115,131,114,145,127,130,104,128,135,149,124,194,173,188,189,238,182,202,179,218,118]} 1. Nf3 d5 2. d4 Nf6 3. c4 c6 4. e3 Bf5 5. Nc3 e6 6. Nh4 Be4 7. f3 Bg6 8. Qb3 Qc7 9. Bd2 {D12: Slav Defence: 3 Nf3 Nf6 4 e3 Bf5} Be7 10. cxd5 (10. g3 Nbd7 11. cxd5 exd5 12. O-O-O a5 13. Nxg6 hxg6 14. Qc2 a4 15. e4 a3 16. e5 axb2+ {0-1 (59) Le,Q (2737)-Mamedov,R (2709) Huaian 2017}) 10... cxd5 11. Nxg6 {The position is equal.} hxg6 12. O-O-O Nc6 13. Kb1 O-O 14. Rc1 a6 15. Qd1 b5 16. g4 {[%cal Bg2g4,Bg4g5][%mdl 32]} Qd7 {[#]} 17. g5 $146 Nh5 18. f4 Na5 19. b3 (19. Na4 $16 Nc4 20. Bxc4 bxa4 21. Bd3) 19... Ba3 20. Rc2 Rfc8 21. Bg2 Nc6 22. Bc1 $1 {[%cal Rc1a3]} Bf8 23. Bb2 a5 (23... Ne7 $11 {keeps the balance.}) 24. Nxb5 $16 a4 25. bxa4 Rcb8 26. Bf1 $1 Rb6 27. Nc3 Qb7 28. Rg1 Bb4 {aiming for ...Bxc3.} 29. Rgg2 Ra5 30. Ka1 Qa8 (30... Ne7 $16 31. a3 Bd6) 31. Bb5 {White is clearly better.} Ne7 {[%cal Bc6e7,Be7f5,Bf5d6][%mdl 32] [#]} 32. Qc1 $1 Nf5 33. Ne4 {Rc8+ is the strong threat.} Rb8 34. Nc5 {Strongly threatening Nd7.} Nd6 {[#]} 35. Nb3 {Precision: White = 56%, Black = 53%.} (35. Bc3 $1 $18 {[%cal Rc3b4]} Bxc3+ 36. Rxc3) 1-0